| 000 | 01972nas1a2200373 4500 | ||
|---|---|---|---|
| 001 | RU\NLR\DIGIT\NP\000452 | ||
| 005 | 20250807185223.0 | ||
| 035 | _a(NLR Aleph) 010181289 | ||
| 090 |
_a1229 _c1229 |
||
| 100 | _a20250807 rusy50 | ||
| 101 | 0 | _arus | |
| 102 | _aRU | ||
| 110 | _acya|||||||| | ||
| 200 | 1 | _aАДЖАРИЯ | |
| 207 | 0 | _a1921, [18] марта - [2006, 15 июля] | |
| 210 |
_aБатуми _d1944 |
||
| 430 | 0 | _12001#$aИзвестия Батумского областного революционного комитета и областного комитета КП Г[рузии] | |
| 430 | 0 | _12001#$aИзвестия | |
| 430 | 0 | _12001#$aТрудовой Батум | |
| 430 | 0 | _12001#$aТрудовой Аджаристан | |
| 430 | 0 | _12001#$aБатумский рабочий | |
| 430 | 0 | _12001#$aСоветская Аджария | |
| 430 | 0 | _12001#$aАджария | |
| 540 | 1 | _aБатумский рабочий | |
| 801 | 0 |
_aRU _bElar |
|
| 852 |
_aNLR _jР10766 |
||
| 852 |
_aNLR _jР2/33 |
||
| 942 | _cNEWSPAPER | ||
| 945 | _aРоссийская национальная библиотека | ||
| 980 | _aNB | ||
| 980 | _aBV | ||